Schauspieler im MCU und DCEU - Statistiken

Allgemein
  • Dieses Quiz wurde 51 mal gespielt
    27 seit der letzten Aktualisierung
  • Das Durchschnittsergebnis liegt bei 4 aus 11
Antwortstatistiken
MCU-Charakter DCEU-Charakter Schauspieler/in % Korrekt
James Logan Howlett / Wolverine Clark Kent / Superman Henry Cavill
67%
Heimdall Robert DuBois / Bloodsport Idris Elba
57%
Adrian Toomes / Vulture Bruce Wayne / Batman Michael Keaton
52%
Zeus Jor-El Russell Crowe
43%
Norman Osborn / Grüner Kobold Nuidis Vulko Willem Dafoe
38%
Dr. Bill Foster / Goliath Perry White Laurence Fishburne
33%
Stakar Ogord Nanaue / King Shark Sylvester Stallone
29%
Korg Thomas Kalmaku, Ratcatcher 1 Taika Waititi
29%
Fandral Shazam! Zachary Levi
29%
Agent James E. "Jimmy" Woo Dr. Stephen Shin Randall Park
14%
Kraglin Obfonteri Weasel, Calendar Man Sean Gunn
14%
Keine übereinstimmenden Quizze gefunden
Verteilung der Resultate
Anzahl Personen mit jedem Resultat
Perzentil nach korrekt beantworteten Fragen
Ihre Resultats-Entwicklung
Sie haben dieses Quiz seit der letzten Aktualisierung nicht gespielt